| 000 | 01198cam a22002057a 4500 | ||
|---|---|---|---|
| 020 | _a9781447123712 (alk. paper) | ||
| 020 | _a1447123719 (alk. paper) | ||
| 020 | _a9781447123729 (eISBN) | ||
| 082 | 0 | 0 |
_a621.042 _bDEM/EN |
| 100 | 1 | _aDemirel, Yaşar. | |
| 245 | 1 | 0 | _aEnergy : |
| 260 |
_aLondon ; _aNew York : _bSpringer, _cc2012. |
||
| 300 |
_axix, 507 p. : _bill. ; |
||
| 490 | 1 | _aGreen energy and technology | |
| 520 | _a"Understanding the sustainable use of energy in various processes is an integral part of engineering and scientific studies, which rely on a sound knowledge of energy systems. Whilst many institutions now offer degrees in energy-related programs, a comprehensive textbook, which introduces and explains sustainable energy systems and can be used across engineering and scientific fields, has been lacking. Energy: Production, Conversion, Storage, Conservation, and Coupling provides the reader with a practical understanding of these five main topic areas of energy including 130 examples and over 600 practice problems."--From publisher description. | ||
| 650 | 0 | _aPower resources. | |
| 650 | 0 | _aPower (Mechanics) | |
| 650 | 0 | _aElectrical engineering. | |
| 942 | _cREF | ||
| 999 |
_c14043 _d14043 |
||